000 00984nam a22002177a 4500
003 OSt
005 20250915161701.0
008 240322b ||||| |||| 00| 0 eng d
040 _c0
082 _aDPer 621.381 In821 September 2022 v. 37 n. 9
100 _aWang, Haiyu.
_eauthor.
_955093
245 _aA matrix construction based capacitor voltage measuring scheme for modular multilevel converter with reduced voltage sensors /
_cHaiyu Wang, Shunfeng Yang, Wensheng Song, and Ooi Boon Teck.
260 _aNew York ;
_bThe Institute of Electrical and Electronics Engineers, Inc. ,
_cSeptember 2022.
300 _aVolume 37, pages 10095-10100 :
_billustration ;
_c28 cm.
500 _aIEEE Transactions on Power Electronics, vol. 37, no. 9, pages 10095-10100, September 2022.
700 _aWang, Haiyu.
_eauthor.
_955093
700 _aYang, Shunfeng.
_eauthor.
_955094
700 _aSong, Wensheng.
_eauthor.
_955095
700 _aTeck, Ooi Boon.
_eauthor.
_955096
942 _2ddc
_cPER
999 _c19776
_d19776